|
|
|
|
| LEADER |
00000nas a2200000 4500 |
| 001 |
ssj0001884 |
| 003 |
WaSeSS |
| 005 |
20200512172242.0 |
| 006 |
m d |
| 007 |
cr n |
| 008 |
751101d19552002caumr p s 0 a0eng |
| 010 |
|
|
|a 39013623
|z sn 78005023
|
| 016 |
7 |
|
|a 9878737
|2 DNLM
|
| 016 |
7 |
|
|a P18910000
|2 DNLM
|
| 022 |
|
|
|l 0032-4582
|y 0032-4582
|
| 032 |
|
|
|a 504890
|b USPS
|
| 035 |
|
|
|a (WaSeSS)ssj0001884
|
| 040 |
|
|
|a DLC
|b eng
|c MUL
|d OCL
|d MUL
|d NSD
|d DLC
|d FUG
|d DLC
|d NST
|d SER
|d AIP
|d NSD
|d AIP
|d OCL
|d AIP
|d NSD
|d DLC
|d NSD
|d NST
|d WAU
|d HUL
|d NST
|d FUG
|d IUL
|d HUL
|d OCL
|d SYS
|d GUA
|d NLM
|d OCLCQ
|d DLC
|d ORZ
|d OCLCQ
|d KMS
|d OCLCF
|d OCLCO
|d GILDS
|d OCLCQ
|d WaSeSS
|
| 042 |
|
|
|a nsdp
|a pcc
|
| 050 |
0 |
0 |
|a TR1
|b .P8845
|
| 082 |
0 |
4 |
|a 770/.5
|2 19
|
| 210 |
0 |
|
|a Pop. photogr.
|b (1955)
|
| 222 |
|
0 |
|a Popular photography
|b (1955)
|
| 245 |
0 |
0 |
|a Popular photography
|h [electronic resource].
|
| 260 |
|
|
|a [Los Angeles, Calif., etc.],
|b [CBS Magazines, etc.]
|
| 310 |
|
|
|a Monthly
|
| 362 |
0 |
|
|a v. 36, no. 2-v. 100, no. 4, Feb. 1955-Apr. 1993; v. 57-66, no. 12; May 1993-Dec. 2002.
|
| 506 |
|
|
|a License restrictions may limit access.
|
| 515 |
|
|
|a Vol. 100, Jan.-Apr. 1993, complete in 4 nos.; issues for May 1993-Dec. 2002 called v. 57-66 to reflect the number of years since the publication's inception in May 1937.
|
| 515 |
|
|
|a Issues for May 1993-Dec. 2002 called v. 57, no. 1-v. 66, no. 12, but constitute also v. 100, no. 5-v. 110, no. 12.
|
| 650 |
|
0 |
|a Photography
|v Periodicals.
|
| 650 |
|
0 |
|a Cinematography
|v Periodicals.
|
| 650 |
|
7 |
|a Cinematography.
|2 fast
|0 (OCoLC)fst00861484
|
| 650 |
|
7 |
|a Photography.
|2 fast
|0 (OCoLC)fst01061714
|
| 655 |
|
0 |
|a Electronic journals.
|
| 780 |
0 |
0 |
|t Photography
|w (DLC)sf 82007028
|w (OCoLC)6498002
|
| 780 |
0 |
5 |
|t Modern photography
|x 0026-8240
|w (DLC) 44049458
|w (OCoLC)1639391
|
| 785 |
0 |
0 |
|t Popular photography & imaging
|x 1542-0337
|w (DLC) 2002215202
|w (OCoLC)50741701
|
| 850 |
|
|
|a AzTeS
|a CU-Riv
|a CaMBC
|a DLC
|a DeU
|a FU
|a In
|a InU
|a MH-FA
|a MH-Hi
|a MH-Lm
|a MnU
|a NSyU
|a NcD
|a NcRS
|a NjR
|a ViU
|a WaU
|
| 853 |
3 |
3 |
|8 1
|a v.
|b no.
|i (year)
|
| 853 |
2 |
0 |
|8 1
|a v.
|b no.
|u 12
|i (year)
|j (month)
|w m
|
| 856 |
4 |
0 |
|z Full text available from Research Library: 01/01/1994 to 12/31/2000
|u https://search.proquest.com/publication/19613
|
| 863 |
4 |
0 |
|8 1.1
|a 36
|i 2
|
| 863 |
4 |
0 |
|8 3.1
|a <88>-
|i <1981>-
|
| 863 |
4 |
0 |
|8 1.1
|a <66>
|b <7>
|i <2002>
|j <07>
|